| 000 | 00717nam a22001577a 4500 | ||
|---|---|---|---|
| 003 | OSt | ||
| 005 | 20160323144815.0 | ||
| 008 | 160323b xxu||||| |||| 00| 0 eng d | ||
| 040 | _cRUA | ||
| 082 | _aAGR EM 2012 B471 Or.1 | ||
| 100 |
_98150 _aEM VECHETH ; អឹម វិចិត្រ |
||
| 245 | _aEffect of rice husk charcoal and fertilizer on sweet corn atroyal university of agriculture, ប្រសិទ្ធភាពធ្យូងអង្គាម និងជីំគីមីលើដំណាំពោតផ្អែម នៅសាកលវិទ្យាល័យភូមិន្ទកសិកម្ម | ||
| 260 |
_aPhnom Penh _bRUA _c2012 |
||
| 300 |
_ax ;48p. _bill. _c29cm. |
||
| 942 |
_2ddc _cAGR |
||
| 999 |
_c7763 _d7763 |
||